A reader's guide to the Roman de la Rose /

Bibliographic Details
Main Author: Luria, Maxwell, 1932-
Format: Book
Language:English
Published: Hamden, Conn. : Archon Books, 1982.
Subjects:

MARC

Tag First Indicator Second Indicator Subfields
LEADER 00000pam a2200000 a 4500
001 in00000099296
005 20150924160143.0
008 811211s1982 ctu b 00110 eng
010 |a  81022767  
020 |a 0208018387 
035 |a (OCoLC)08051680 
035 |9 AAL0173AM 
040 |a DLC  |c DLC  |d TXA  |d UtOrBLW 
049 |a TXAM  |c [933750] 
050 0 0 |a PQ1528  |b .L8 1982 
082 0 |a 841/.1  |2 19 
100 1 |a Luria, Maxwell,  |d 1932- 
245 1 2 |a A reader's guide to the Roman de la Rose /  |c Maxwell Luria. 
264 1 |a Hamden, Conn. :  |b Archon Books,  |c 1982. 
300 |a xii, 282 pages ;  |c 24 cm. 
336 |a text  |b txt  |2 rdacontent 
337 |a unmediated  |b n  |2 rdamedia 
338 |a volume  |b nc  |2 rdacarrier 
500 |a Includes index. 
504 |a Bibliography: pages 226-265. 
600 0 0 |a Guillaume,  |c de Lorris,  |d active 1230.  |t Roman de la rose. 
999 |a MARS 
999 f f |s 2a832168-6b5a-322c-ac58-43a1021cf3c4  |i 8d1cb443-2430-3f14-b6bd-04f1611a2d2e  |t 0 
952 f f |p normal  |a Texas A&M University  |b College Station  |c Sterling C. Evans Library  |d Evans: Library Stacks  |t 0  |e PQ1528 .L8 1982  |h Library of Congress classification  |i unmediated -- volume  |m A14806047659 
998 f f |a PQ1528 .L8 1982  |t 0  |l Evans: Library Stacks